Detention in Delinquency Cases, 1989-1998
| 1. VerfasserIn: | |
|---|---|
| Medienart: | Elektronisch Aufsatz |
| Sprache: | Englisch |
| Veröffentlicht: |
United States Department of Justice, Office of Justice Programs, Office of Juvenile Justice and Delinquency Prevention
2002
|
| In: | Enthalten in: OJJDP Fact Sheet |
| Online-Zugang: |
Volltext (lizenzpflichtig) Volltext (lizenzpflichtig) Volltext (lizenzpflichtig) |
| Verfügbarkeit prüfen: | HBZ Gateway |
MARC
| LEADER | 00000caa a22000002c 4500 | ||
|---|---|---|---|
| 001 | 1912510049 | ||
| 003 | DE-627 | ||
| 005 | 20250125055117.0 | ||
| 007 | cr uuu---uuuuu | ||
| 008 | 241217s2002 xx |||||o 00| ||eng c | ||
| 035 | |a (DE-627)1912510049 | ||
| 035 | |a (DE-599)KXP1912510049 | ||
| 040 | |a DE-627 |b ger |c DE-627 |e rda | ||
| 041 | |a eng | ||
| 084 | |a 2,1 |2 ssgn | ||
| 100 | 1 | |a Harms, Paul |e VerfasserIn |4 aut | |
| 245 | 1 | 0 | |a Detention in Delinquency Cases, 1989-1998 |
| 264 | 1 | |b United States Department of Justice, Office of Justice Programs, Office of Juvenile Justice and Delinquency Prevention |c 2002 | |
| 336 | |a Text |b txt |2 rdacontent | ||
| 337 | |a Computermedien |b c |2 rdamedia | ||
| 338 | |a Online-Ressource |b cr |2 rdacarrier | ||
| 773 | 0 | 8 | |i Enthalten in |t OJJDP Fact Sheet |
| 787 | 0 | 8 | |i Forschungsdaten |a National Center for Juvenile Justice |t Juvenile Court Statistics, 1994: (United States) |d [Erscheinungsort nicht ermittelbar] : [Verlag nicht ermittelbar], 1997 |w (DE-627)184006465X |
| 787 | 0 | 8 | |i Forschungsdaten |a National Center for Juvenile Justice |t Juvenile Court Statistics, 1989: (United States) |d [Erscheinungsort nicht ermittelbar] : [Verlag nicht ermittelbar], 1994 |w (DE-627)1840064102 |
| 856 | 4 | 0 | |u http://www.ncjrs.gov/App/publications/abstract.aspx?ID=193438 |x Verlag |z lizenzpflichtig |3 Volltext |7 1 |
| 856 | 4 | 0 | |u https://www.ncjrs.gov/pdffiles1/ojjdp/fs200201.pdf |q application/pdf |x Verlag |z lizenzpflichtig |3 Volltext |7 1 |
| 856 | 4 | 0 | |u https://www.ncjrs.gov/txtfiles1/ojjdp/fs200201.txt |x Verlag |z lizenzpflichtig |3 Volltext |7 1 |
| 935 | |a mkri | ||
| 951 | |a AR | ||
| ELC | |a 1 | ||
| LOK | |0 000 xxxxxcx a22 zn 4500 | ||
| LOK | |0 001 4637475546 | ||
| LOK | |0 003 DE-627 | ||
| LOK | |0 004 1912510049 | ||
| LOK | |0 005 20241217044319 | ||
| LOK | |0 008 241217||||||||||||||||ger||||||| | ||
| LOK | |0 035 |a (DE-2619)ICPSR114950 | ||
| LOK | |0 040 |a DE-2619 |c DE-627 |d DE-2619 | ||
| LOK | |0 092 |o n | ||
| LOK | |0 852 |a DE-2619 | ||
| LOK | |0 852 1 |9 00 | ||
| LOK | |0 935 |a uvkn |a nacp | ||
| LOK | |0 939 |a 17-12-24 |b l01 | ||
| ORI | |a SA-MARC-krimdoka001.raw | ||
